Výnosové metódy stanovenia všeobecnej hodnoty podniku a ich uplatnenie v znaleckej praxi diplomová práca

Enregistré dans:
Détails bibliographiques
Auteur principal: Fandlová, Nikola
Collectivité auteur: Fakulta podnikového manažmentu EU. Katedra podnikovohospodárska
Autres auteurs: Kubica, Milan, 1958-
Format: Livre
Langue:slovaque
Publié: Bratislava 2018
Tags: Ajouter un tag
Pas de tags, Soyez le premier à ajouter un tag!

MARC

LEADER 00000nbm a2200000 4500
001 0244899
005 20181004111046.0
041 0 |a slo 
044 |a SK 
245 1 0 |a Výnosové metódy stanovenia všeobecnej hodnoty podniku a ich uplatnenie v znaleckej praxi  |b diplomová práca  |c Nikola Fandlová ; školiteľ: Milan Kubica 
264 1 |a Bratislava  |c 2018 
300 |a 110 s. 
100 1 |a Fandlová, Nikola 
700 1 |a Kubica, Milan, 1958- 
710 2 |a Fakulta podnikového manažmentu EU. Katedra podnikovohospodárska